书目信息 |
| 题名: |
制冷空调基础知识
|
|
| 作者: | 韩宝琦 编著 | |
| 分册: | ||
| 出版信息: | 北京 科学出版社 1999.07 |
|
| 页数: | 219页 | |
| 开本: | 32开 | |
| 丛书名: | ||
| 单 册: | ||
| 中图分类: | TB6 | |
| 科图分类: | ||
| 主题词: | 制冷工程 | |
| 电子资源: | ||
| ISBN: | 7-03-006727-4 | |
| 000 | 00547nam0 2200193 45 | |
| 001 | 0009041764 | |
| 005 | 20000904173747.3 | |
| 010 | @a7-03-006727-4@d12.00元 | |
| 100 | @a20000904d1999 km y0chiy0120 ea | |
| 101 | 0 | @achi |
| 105 | @a z 000yy | |
| 200 | 1 | @a制冷空调基础知识@AZhi Leng Kong Diao Ji Chu Zhi Shi@f韩宝琦编著@FHan Bao Qi Bian Zhu |
| 210 | @a北京@c科学出版社@d1999.07 | |
| 215 | @a219页@d32开 | |
| 606 | 0 | @a制冷工程 |
| 690 | @aTB6@v3 | |
| 701 | 0 | @a韩宝琦@4编著 |
| 801 | @aCN@bPftUser@c20000904 | |
| 905 | @b119841-845@dTB6@eH673@f5 | |
| 制冷空调基础知识/韩宝琦编著.-北京:科学出版社,1999.07 |
| 219页;32开 |
| ISBN 7-03-006727-4:12.00元 |
| ● |
| 相关链接 |
|
|
|
正题名:制冷空调基础知识
索取号:TB6/H673
 
预约/预借
| 序号 | 登录号 | 条形码 | 馆藏地/架位号 | 状态 | 备注 |
| 1 | 119841 | 201198417 | 自科二线504/501自科库 18排1列1层/ [索取号:TB6/H673] | 在馆 | |
| 2 | 119842 | 201198426 | 自科库501/501自科库 18排2列1层/ [索取号:TB6/H673] | 在馆 | |
| 3 | 119843 | 201198435 | 能源与建筑环境工程学院资料室/201建筑库 13排2列1层/ [索取号:TB6/H673] | 在馆 | |
| 4 | 119844 | 201198444 | 自科库501/501自科库 18排2列1层/ [索取号:TB6/H673] | 在馆 | |
| 5 | 119845 | 201198453 | 能源与建筑环境工程学院资料室/201建筑库 13排2列1层/ [索取号:TB6/H673] | 在馆 | |
| 6 | 312671 | 203126713 | 期刊室512/501自科库 18排1列1层/ [索取号:TB6/H673] | 在馆 | |
| 7 | 312672 | 203126722 | 能源与建筑环境工程学院资料室/201建筑库 13排2列1层/ [索取号:TB6/H673] | 在馆 | |
| 8 | 312673 | 203126731 | 能源与建筑环境工程学院资料室/201建筑库 13排2列1层/ [索取号:TB6/H673] | 在馆 | |
| 9 | 512669 | 205126692 | 自科库501/501自科库 18排2列1层/ [索取号:TB6/H673] | 在馆 | |
| 10 | 512670 | 205126709 | 能源与建筑环境工程学院资料室/201建筑库 13排2列1层/ [索取号:TB6/H673] | 在馆 |